000 00381nam a2200145Ia 4500
008 230917s9999||||xx |||||||||||||| ||und||
040 _e120414
_aMAIN
041 _aEnglish
082 _a547.139 M454R
100 _aMayo, Paul De, ed.
245 0 _aRearrangements in ground and excited states. V1
260 _aNew York
_bAcademic Press
_c1980
300 _a480 p.
942 _cBK
999 _c224141
_d224141